000
00211nam a2200073Ia 4500
008
170617s9999 xx 000 0 und d
100
_a
Sharma & Bharadwaj
245
0
_a
Theory & Practice of Pharmaceutical Biochemcistry
260
_b
Meerut Pragati
999
_c
15009
_d
15009